000 00257nam a2200097Ia 4500
008 240331s9999 xx 000 0 und d
082 _bGRA
100 _aGrant, J
245 0 _aFundamental Feminism :
_bcontesting the core concepts of feminist theory
942 _cL
999 _c1763
_d1763